| 000 | 00587cam a2200181 i 4500 | ||
|---|---|---|---|
| 020 | _a0574184058 | ||
| 082 |
_a004.22 _bSTO _cDonation |
||
| 100 |
_aStone,H _936590 |
||
| 245 | 0 | 0 |
_aIntroduction to computer architecture / _cHarold S. Stone ... [et al.]. |
| 260 |
_aChicago : _bScience Research Associates, _c[1975] |
||
| 300 |
_ax, 565 p. : _bill. ; _c24 cm. |
||
| 490 | 1 | _aThe SRA computer science series | |
| 500 | _aIncludes index. | ||
| 526 |
_a0 _b0 _c0 _d004_220000000000000_STO |
||
| 650 | 0 |
_aComputer architecture. _93070 |
|
| 700 | 1 |
_aStone, Harold S., _936591 |
|
| 942 |
_2ddc _cBK |
||
| 999 |
_c541612 _d541612 |
||